LEADER 02066nam a2200433 u 4500 001 000000073458 003 CaOOAMICUS 005 20070226122343.0 008 020709s1999 it u000 u ita u 035 $a10936133 040 $aPUL$bita 100 1 $aManzi, Franco.$0(OLS)http://pul/name/24483 245 14$aLa "forma" obbedienziale del servizio di Gesù Cristo e di Maria :$bconfronto esegetico-teologico di Fil 2,7 con Lc 1,48 /$cFranco Manzi. 260 $aRoma :$b[s.n.],$c1999. 300 $a213 p. ;$c24 cm 490 1 $aDissertationes ad lauream in Pontificia Facultate theologica "Marianum" ;$v79 500 $aIn calce al front.: Estratto dalla Tesi di Laurea in Sacra Teologia con specializzazione in Mariologia. 500 $aComprende indice. 502 $aDiss. -- Roma, Pontificia Facoltà teologica Marianum, 1999. 504 $aBibliografia: p. 93-197. 600 04$aMaria Virgo,$cs.$0(OLS)http://pul/subject/500 600 04$aIesus Christus.$0(OLS)http://pul/subject/207 630 04$aBiblia$pN.T.$pLucas$nI, 48.$0(OLS)http://pul/subject/37908 630 04$aBiblia.$pN.T.$pAd Philippenses.$nII, 7.$0(OLS)http://pul/subject/25741 650 4$aObbedienza.$0(OLS)http://pul/subject/19955 710 2 $aPontificia Facoltà teologica "Marianum".$0(OLS)http://pul/name/66 830 0$aDissertationes ad lauream in Pontificia Facultate theologica "Marianum" ;$v79.$0(OLS)http://pul/title/24531 850 $aPUL 852 $aPUL$W1$xDP1 Tesi Pon. Fac. Marianum$y38$mTH MAR 85$j94922$nBK-PRI$b $qTesi$B94922$CPULBib$Z2$F94922 $H $81 910 $aMarianum$966 941 1 $a16 960 $aMariologia$9500 960 $aMariologia$9500 960 $aCristologia$9207 960 $aCristologia$9207 960 $aGesù Cristo$9207 961 $aINV: 84361 996 $6245$aLa "forma" obbedienziale del servizio di Gesù Cristo e di Maria :$bconfronto esegetico-teologico di Fil 2,7 con Lc 1,48$9(OLS)http://pul/title/96517 996 $6260$aRoma :$b[s.n.]$9(OLS)http://pul/publisher/47958 LEADER 01692nam a2200361 a 4500 001 000000158664 003 CaOOAMICUS 005 20170207100500.0 008 170207s2016 sz u000 u ger r 020 $a9783727817922 (Vandenhoeck & Ruprecht)* 020 $a9783525531259 (Academic Press Fribourg)* 032 $aLibriCat 040 $aPUL$bita 082 04$a220.05 100 1 $aSchütte, Wolfgang.$0(OLS)http://pul/name/101351 245 10$aIsraels Exil in Juda :$bUntersuchungen zur Entstehung der Schriftprophetie /$cWolfgang Schütte. 260 $aFreiburg :$bAcademic Press Fribourg,$cİ2016$aGöttingen :$bVandenhoek & Ruprecht 300 $aVIII, 270 p. ;$c25 cm. 490 1 $aOrbis biblicus et orientalis ;$v279 504 $aBibliografia in nota a piè pagina. 650 4$aProfeti.$0(OLS)http://pul/subject/10036 830 0$aOrbis biblicus et orientalis ;$v279.$0(OLS)http://pul/title/14045 850 $aPUL 852 $aPUL$W1$xSL Religione 3$y85$m220. 05 COLL 1.279$j181968$qDDC 21$B185144$CPULBib$Z2$F185144 $H128921 $81 941 1 $a9 983 0$aOBO. 996 $6020$a9783727817922 (Vandenhoeck & Ruprecht)*$9(OLS)http://pul/number/162026 996 $6020$a9783525531259 (Academic Press Fribourg)*$9(OLS)http://pul/number/162027 996 $6082$a220.05$9(OLS)http://pul/classification/282 996 $6245$aIsraels Exil in Juda :$bUntersuchungen zur Entstehung der Schriftprophetie$9(OLS)http://pul/title/198279 996 $6260$aFreiburg :$bAcademic Press Fribourg$9(OLS)http://pul/publisher/79037 996 $6260$aGöttingen :$bVandenhoek & Ruprecht$9(OLS)http://pul/publisher/55080 LEADER 01469nam a2200325 a 4500 001 000000138066 003 CaOOAMICUS 005 20140408144946.0 008 140408s2013 it u000 u ita r 020 $a978-88-215-7993-6 040 $aPUL$bita 041 1 $aita$agrc$hgrc 082 04$a226.2 130 0 $aBiblia.$pN.T.$pMatthaeus.$lGreco e italiano.$0(OLS)http://pul/title/174477 245 10$aMatteo :$bintroduzione, traduzione e commento /$ca cura di Giulio Michelini. 260 $aCinisello Balsamo :$bSan Paolo,$c2013. 300 $a496 p. ;$c22 cm 490 1 $aNuova versione della Bibbia dai testi antichi ;$v37 546 $aTesto in greco con traduzione italiana, introduzione e commento in italiano. 630 04$aBiblia.$pN.T.$pMatthaeus.$0(OLS)http://pul/subject/37788 700 1 $aMichelini, Giulio,$cO.F.M.,$d1963-$0(OLS)http://pul/name/77750 830 0$aNuova versione della Bibbia dai testi antichi ;$v37.$0(OLS)http://pul/title/156526 850 $aPUL 852 $aPUL$W1$xSL Religione 3$y85$m226. 2 MICGI 1$j159143$qDDC 21$B158691$CPULBib$Z2$F158691 $H123828 $82 941 1 $a9 996 $6020$a978-88-215-7993-6$9(OLS)http://pul/number/155041 996 $6082$a226.2$9(OLS)http://pul/classification/2035 996 $6245$aMatteo :$bintroduzione, traduzione e commento$9(OLS)http://pul/title/174813 996 $6260$aCinisello Balsamo :$bSan Paolo$9(OLS)http://pul/publisher/54577